000 01403cam a2200313Ia 4500
001 wonderfulloireva00pole
003 CaSfIA
005 20210119123646.0
007 cr||||
008 971205s1996 fr ab 000 0 eng d
040 _aCOV
_cCOV
_dOCL
_dOCLCQ
_dYDXCP
_dCaSfIA
020 _a2737319668
020 _a9782737319662
035 _a(OCoLC)38047374
043 _ae-fr---
092 _a914.4
_bP758w, 1996
100 1 _aPolette, René.
245 1 0 _aWonderful Loire Valley castles /
_h[electronic resource]
_cRené Polette ; photographs by Hervé Champollion ; translated by Angela Moyon.
260 _a[Rennes] :
_bÉditions Quest-France,
_cc1996.
300 _a125 p. :
_bill., map ;
_c26 cm.
651 0 _aLoire River Valley (France)
_vPictorial works.
650 0 _aCastles
_zFrance
_zLoire River Valley
_vPictorial works.
650 0 _aArchitecture
_zFrance
_zLoire River Valley
_vPictorial works.
700 1 _aChampollion, Hervé.
856 4 1 _uhttp://www.archive.org/details/wonderfulloireva00pole
_zFree eBook from the Internet Archive
942 _cEB
506 _fНеобхідна авторизація на https://archive.org/ (створення облікового запису безкоштовно)
506 _fНеобхідна авторизація на https://openlibrary.org/ (створення облікового запису безкоштовно)
999 _c567570
_d567570